Pokemon First Ever - Statistics

General Stats
  • This quiz has been taken 15 times
  • The average score is 9 of 35
Answer Stats
Game/Anime/RL Catagory Answer % Correct
Game First Pokemon in the Unova Pokedex Victini
77%
Game First Pokemon in the Pokedex Bulbasaur
69%
RL First Pokemon Rhydon
69%
All First Pokemon (Lorewise) Arceus
62%
Game First listed in the generic Pokemart Potion (Before delivering Oak's Parcel)
62%
Game Cannonical name of first protagonist Red
62%
Game First encounterable legendary Pokemon Zapdos/Articuno
62%
Anime First Trade (will accept either participating Pokemon) Butterfree and Raticate
54%
Anime First Pokemon from a later generation making an early appearance Ho-oh
54%
Anime First trainer to beat Ash Brock
46%
Game First Pokemon Champion Blue
38%
Anime First Ghost-type Ash caught Gengar
38%
Anime Color of first Pokeball Green
38%
Anime First Shiny Noctowl
31%
Anime First gigantic sized Pokemon (Meaning a pokemon that's way bigger than normal) Dragonite
23%
Game Location of the first possible Legendary Power Plant/Seafoam Islands
23%
Game First non-event exclusive Mythical Keldeo
15%
Game Cannonical name of first playable female protagonist Kris/Crystal
15%
Game Location of first possible Evil Team encounter Mt. Moon
15%
Game First trainer to beat Ash in a Pokemon League Ritchie
15%
Anime First badge Ash earned (And I mean EARNED) Thunder Badge
15%
Anime First born sister in Misty's family Daisy
8%
Anime First Shiny not owned by Ash Gyarados (Would technically be the golden Sudowoodo but the official shiny Sudowoodo isn't golden, but I will count it too since the definition of shiny Pokemon is "A Pokemon with a different color")
8%
Anime Ash's first Pokemon to sweep Krabby/Kingler (Counting both since Krabby evolved mid-battle)
8%
Game First Shadow Pokemon encountered Makuhita
8%
Anime Ash's first Pokemon League opponent Mandi the Astounding
8%
Game First Pokemon to die Marowak
8%
Anime Name of episode where Team Rocket blasted off Pokemon Emergency
8%
Anime First Pokemon a Master Ball was used on Whiscash
8%
RL First printed Pokemon Trading Card Series Bandai Carddass
0%
RL First Pokemon Tournament Champion Darryn van Vuuren
0%
Game First Legendary to be event exclusive Deoxys (Was event exclusive until Hoenn remakes)
0%
Anime Ash's first legendary catch Eternatus (He helped throw the ball)
0%
Game First to give the option of a pure Fighting-type starter Pokemon Legends Z-A
0%
Game Name of first non-boss trainer Youngster Calvin
0%
No matching quizzes found
Score Distribution
Percent of People with Each Score
Percentile by Number Answered
Your Score History
You have not taken this quiz